000 00330nam a2200121Ia 4500
008 220204s9999 xx 000 0 und d
082 _a543.24
_bASH
100 _aAshworth, M R F
245 0 _aTitrimetric organic analysis. Pt 1. Direct methods
260 _aNew York
_bJohn Wiley
_c1964
650 _aOrganic analysis
942 _cBK
999 _c20632
_d20632